Oceňovanie v cudzej mene a kurzové rozdiely v účtovníctve podnikateľských subjektov a ich daňové dôsledky v podmienkach Slovenskej republiky diplomová práca

Saved in:
Bibliographic Details
Main Author: Večerková, Andrea
Corporate Author: Fakulta hospodárskej informatiky EU. Katedra účtovníctva a audítorstva
Other Authors: Vašeková, Miroslava, 1978-
Format: Book
Language:Slovak
Published: Bratislava 2016
Tags: Add Tag
No Tags, Be the first to tag this record!

MARC

LEADER 00000nbm a2200000 4500
001 0216863
005 20240905111835.9
041 0 |a slo 
044 |a SK 
245 1 0 |a Oceňovanie v cudzej mene a kurzové rozdiely v účtovníctve podnikateľských subjektov a ich daňové dôsledky v podmienkach Slovenskej republiky  |b diplomová práca  |c Andrea Večerková ; školiteľ: Miroslava Vašeková 
264 1 |a Bratislava  |c 2016 
300 |a 53 s. 
100 1 |a Večerková, Andrea 
700 1 |a Vašeková, Miroslava, 1978- 
710 2 |a Fakulta hospodárskej informatiky EU. Katedra účtovníctva a audítorstva